राजनीतिक चिंतन के आचार्य, संपा एडर्वड मैकचेस्ठी सेट , अनु ओमप्रकाश गांबा (Record no. 340323)

MARC details
000 -LEADER
fixed length control field 01002nam a2200229Ia 4500
003 - CONTROL NUMBER IDENTIFIER
control field OSt
005 - DATE AND TIME OF LATEST TRANSACTION
control field 20220923220517.0
008 - FIXED-LENGTH DATA ELEMENTS--GENERAL INFORMATION
fixed length control field 220922b |||||||| |||| 00| 0 hin d
037 ## - SOURCE OF ACQUISITION
Terms of availability Textual
040 ## - CATALOGING SOURCE
Original cataloging agency ARTS
Transcribing agency ARTS
Language of cataloging hin
041 ## - LANGUAGE CODE
Source of code hin
Language code of text/sound track or separate title hin
100 ## - MAIN ENTRY--PERSONAL NAME
Personal name फोस्टर, माइकेल बी
245 #0 - TITLE STATEMENT
Title राजनीतिक चिंतन के आचार्य, संपा एडर्वड मैकचेस्ठी सेट , अनु ओमप्रकाश गांबा
246 ## - VARYING FORM OF TITLE
Title proper/short title Rājanītik chiantan ke āchārya, sanpā0 eḍarvaḍ maikachesṭhī seṭ , anu0 omaprakāsh gāanbā
260 ## - PUBLICATION, DISTRIBUTION, ETC.
Place of publication, distribution, etc. दिल्ली
Name of publisher, distributor, etc. विश्वविद्यालय प्रकाशन
Date of publication, distribution, etc. 1977
942 ## - ADDED ENTRY ELEMENTS (KOHA)
Classification part Wv1.I69<-C71, 152L7 (TTR)
Koha item type Textual
Source of classification or shelving scheme Colon Classification (CC)
Holdings
Withdrawn status Lost status Damaged status Not for loan Home library Current library Date acquired Total Checkouts Full call number Barcode Date last seen Price effective from Koha item type
        Arts Library Arts Library 2022-09-23   Wv1.I69<-C71 152L7 (TTR) AL0786858 2022-09-23 2022-09-23 Textual
Copyright @ Delhi University Library System